Bhutan : Technical Assistance Report-Royal Monetary Authority-Steps Towards a Liquidity Forecasting and Management Framework.

This Technical Assistance report highlights that setting up a liquidity forecasting framework would go a long way in establishing a key building block allowing the Royal Monetary Authority of Bhutan (RMA) to fulfil its legal mandate to formulate and implement monetary policy in ways better aligned w...

Повний опис

Бібліографічні деталі
Співавтор: International Monetary Fund. Monetary and Capital Markets Department
Формат: Журнал
Мова:English
Опубліковано: Washington, D.C. : International Monetary Fund, 2019.
Серія:IMF Staff Country Reports; Country Report ; No. 2019/114
Онлайн доступ:Full text available on IMF
LEADER 02245cas a2200241 a 4500
001 AALejournalIMF019286
008 230101c9999 xx r poo 0 0eng d
020 |c 5.00 USD 
020 |z 9781498312417 
022 |a 1934-7685 
040 |a BD-DhAAL  |c BD-DhAAL 
110 2 |a International Monetary Fund.  |b Monetary and Capital Markets Department. 
245 1 0 |a Bhutan :   |b Technical Assistance Report-Royal Monetary Authority-Steps Towards a Liquidity Forecasting and Management Framework. 
264 1 |a Washington, D.C. :  |b International Monetary Fund,  |c 2019. 
300 |a 1 online resource (45 pages) 
490 1 |a IMF Staff Country Reports 
500 |a <strong>Off-Campus Access:</strong> No User ID or Password Required 
500 |a <strong>On-Campus Access:</strong> No User ID or Password Required 
506 |a Electronic access restricted to authorized BRAC University faculty, staff and students 
520 3 |a This Technical Assistance report highlights that setting up a liquidity forecasting framework would go a long way in establishing a key building block allowing the Royal Monetary Authority of Bhutan (RMA) to fulfil its legal mandate to formulate and implement monetary policy in ways better aligned with current central bank practices. The structural liquidity surplus, mainly due to foreign reserves accumulation, has been broadly stable in the absence of RMA intervention. The paper discusses that the volatility of autonomous factors and the fragmentation of the money market justify ambitious steps by the RMA towards setting up a liquidity management framework. The mission identified several constraints and gaps that need to be addressed to support the effectiveness of a liquidity forecasting framework. The mission's recommendations presented in the report aim at streamlining the processing of the Government's financial transactions and cash balances. Looking ahead, monetary policy transmission would benefit from developing RMA's liquidity forecasting and management capacity. 
538 |a Mode of access: Internet 
830 0 |a IMF Staff Country Reports; Country Report ;  |v No. 2019/114 
856 4 0 |z Full text available on IMF  |u http://elibrary.imf.org/view/journals/002/2019/114/002.2019.issue-114-en.xml  |z IMF e-Library